000 00897cam a22002893a 4500
001 1728
003 PGUSA
005 20140828083005.0
008 990401s1999||||xxu|||||s|||||000 p eng d
040 _aPGUSA
_beng
042 _adc
050 4 _aPA
100 1 _aHomer,
_d-750--650
245 1 4 _aThe Odyssey of Homer, Done into English Prose
_h[electronic resource] /
_cHomer
260 _bProject Gutenberg,
_c1999
500 _aSee also PG#1727 and PG#3160
506 _aPublic domain in the USA.
516 _aElectronic text
653 _aHomer -- Translations into English
653 _aOdysseus (Greek mythology)
653 _aEpic poetry, Greek -- Translations into English
700 1 _aButcher, S. H.
_q(Samuel Henry),
_d1850-1910
700 1 _aLang, Andrew,
_d1844-1912
830 0 _aProject Gutenberg
_v1728
856 4 0 _uhttp://www.gutenberg.org/ebooks/1728
942 _cEB
999 _c231074
_d231074